Представление документа в формате MARC21

Поле Инд. ПП Название Значение
Тип записи a
Библиографический уровень a
001 Контрольный номер c8c4a70c771845e895259c754ae9eea7
005 Дата корректировки 20160705114738.6
020 a ISBN 978-5-906429-11-7
040 a Служба первич. каталог. НБ ТвГУ
b Код языка каталог. rus
e Правила каталог. PSBO
041 0_ a Код языка текста rus
097 b Оператор stanislav
100 1_ a Автор Брод Александр Семенович
q Полное имя Брод А. С.
245 10 a Заглавие Выборам - общественный контроль
260 a Место издания Ростов-на-Дону
b Издательство Печатная лавка
520 0_ a Аннотация В статье раскрывается содержание работы Ассоциации "Гражданский контроль", дается определение понятия "общественный контроль", перечисляются принципы общественного контроля, отмечается взаимодействие ассоциации с другими организациями.
653 0_ a Ключевые слова Общественный контроль
a Ключевые слова Избирательный процесс
a Ключевые слова Наблюдение за выборами
a Ключевые слова Демократия
773 18 w Контрольный № источника e0c26ba6dde64d888c3f415e4cfeadff
t Название источника Эволюция региональных и муниципальных избирательных систем
d Место и дата издания Ростов-на-Дону : Печатная лавка, 2015
g Прочая информация С. 73-78
901 t Тип документа a
920 a Оператор Стан